01018nam a2200253Ia 4500003000400000005001700004008004100021020001500062040001800077041000800095082002700103245009500130250001200225260004400237300002900281650004100310650006500351650005000416700003300466700003000499942003600529999001900565952018000584OSt20250121101651.0210716s2006 xx 000 0 und d a8131700925 cAIMIT LIBRARY aeng a001.07237422 21bJAIS aEconomics and polotics of resettlement in India /cEdited by Shobhita Jain and Madhu Bala. a1st ed. aNew Delhi :bPearson Education ,c2006. axxi,319p. ;bHBc24.3 cm aContextualizing displacement9194245 aIssues in industrial and infrastructural development9194246 aRelocation and social disarticulation9194247 aJain, Shobhita., ed.9194248 aBala, Madhu., ed.9194249 2ddccBKe1stk001.07237422 JAIS c192673d192673 00102ddc40708MCAaAIMITbAIMITcECOeKnowledge Worldg499.00iBill no:1350; Bill dt:2012-09-19l0o001.07237422 JAISpMCA12181r2025-07-21 00:00:00v374.25w2021-07-16yBK